000 02433cam a22003251i 4500
003 SA-RiAUC
005 20241119140940.0
008 241114s1974 xx g b 001 0 ara c
040 _aKW-ShULA
_bara
_cSA-RiAUC
_erda
082 0 4 _a231
_qSA-RiAUC
090 _a231
_bخ ط ي
100 1 _aالخطيب البغدادي، أحمد بن علي بن ثابت،
_d392-463 هجري
_eمؤلف.
245 1 0 _aتقييد العلم /
_cأبو بكر أحمد بن علي بن ثابت الخطيب البغدادي ؛ حققه يوسف العش.
250 _aالطبعة الثانية.
264 1 _aالقاهرة :
_bدار إحياء السنة النبوية،
_c1974
300 _a198 صفحة ؛
_c24 سم
336 _aنص
_btxt
_2rdacontent
_3كتاب
337 _aبدون وسيط
_bn
_2rdamedia
338 _aمجلد
_bnc
_2rdacarrier
500 _aيشتمل على كشافات.
500 _aكشافات : صفحة 152-190.
504 _aببليوجرافية : صفحة 191-195.
650 7 _aعلم الحديث
_2aucsh
650 7 _aعلم دراية الحديث
_2aucsh
700 1 _aالعش، يوسف،
_d1911-1967
_eمحقق.
856 _uhttp://www.alwaraq.net/Core/AlwaraqSrv/bookpage?book=557&option=1&fkey=2&page=1
_yDigital Copy
_2 نرجو الانتباه لإمكانية وجود اختلاف في الطبعة أو الناشر بين البيانات على البوابة وما ستجده على الكتاب نظرا لمحدودية المعلومات المتاحة على الموقع الناشر للمادة.
_3Please note that there may be a difference in the edition or publisher between the data on the portal and the book due to the limited information available on the publisher website for the material.
856 _uhttp://www.alwaraq.net/Core/waraq/coverpage?bookid=557&option=1
_yExternal Link
_2 نرجو الانتباه لإمكانية وجود اختلاف في الطبعة أو الناشر بين البيانات على البوابة وما ستجده على الكتاب نظرا لمحدودية المعلومات المتاحة على الموقع الناشر للمادة.
_3Please note that there may be a difference in the edition or publisher between the data on the portal and the book due to the limited information available on the publisher website for the material.
942 _2ddc
_cBOOK
_n0
949 _aSA-JeALM
_d241114
_umohamedma123
_n1
999 _c2533
_d2533